A Practical guide to containment (Registro nro. 6827)

Detalles MARC
000 -CABECERA
Campo de control 00739nam a2200229 a 4500
005 - FECHA Y HORA DE LA ULTIMA TRANSACCION
Campo de control 20160202135430.0
008 - ELEMENTOS DE LONGITUD FIJA—INFORMACION GENERAL
Campo de control 160202b xxu||||gr|||| 00| 0 spa d
020 ## - ISBN
ISBN 0970360401
040 ## - FUENTE DE CATALOGACIÓN
Agencia catalogadora original CO-BoIAVH
Agencia transcriptora CO-BoIAVH
041 ## - IDIOMA
Código de idioma para texto/pista de sonido o título separado Inglés
082 ## - NUMERO DE CLASIFICACION DECIMAL DEWEY
Número de clasificación 660.6
Número del ítem P89a
245 #2 - MENCION DE TITULO
Título A Practical guide to containment
Parte restante del título greenhouse research with transgenic plants and microbes
260 ## - PUBLICACION, DISTRIBUCION, ETC. (PIE DE IMPRENTA)
Lugar de publicación, distribución, etc. Virginia
Nombre del editor, distribuidor, etc. Information Systems for Biotechnology
Fecha de publicación, distribución, etc. 2001
300 ## - DESCRIPCION FISICA
Extensión 59 paginas.:
Otros detalles físicos ilustraciones.;
Dimensiones 27 x 21 cm
650 #6 - ASIENTO SECUNDARIO DE MATERIA - TERMINO TEMATICO
Término temático o nombre geográfico como elemento de entrada Biotecnología
650 #6 - ASIENTO SECUNDARIO DE MATERIA - TERMINO TEMATICO
Término temático o nombre geográfico como elemento de entrada Tecnología
650 #6 - ASIENTO SECUNDARIO DE MATERIA - TERMINO TEMATICO
Término temático o nombre geográfico como elemento de entrada plantas transgenicas
700 1# - ASIENTO SECUNDARIO - NOMBRE PERSONAL
Nombre personal Adair, Dann
700 1# - ASIENTO SECUNDARIO - NOMBRE PERSONAL
Nombre personal Irwin, Ruth
700 1# - ASIENTO SECUNDARIO - NOMBRE PERSONAL
Nombre personal Traynor, Patrica L.
942 ## - ELEMENTOS ADICIONALES (KOHA)
Tipo de ítem Libro
Sistema de clasificación Dewey Decimal Classification
Existencias
Withdrawn status Lost status Sistema de Clasificación Damaged status No para préstamo Colección Inventariado Ubicación Permanente Ubicación actual Fecha de adquisición Fuente de Valor Valor Total Checkouts Número topográfico Inventario / Código de Barras Date last seen Ejemplar Price effective from Forma de adquisición Tipo de material
    Dewey Decimal Classification     General Inventariado 2017 Bogotá Bogotá 08/05/2009 Instituto 39000.00   LB- 660.6 P89a 026984 04/12/2012 Ej.1 04/12/2012   Libro